Top 10 Most Educated Countries - Statistics

General Stats
  • This quiz has been taken 384 times
  • The average score is 8 of 10
Answer Stats
Hint Answer % Correct
42% USA
96%
38% UK
95%
51% Canada
91%
45% Japan
88%
38% Australia
83%
40% South Korea
71%
41% New Zealand
68%
37% Ireland
67%
38% Finland
61%
46% Israel
31%
No matching quizzes found
Score Distribution
Percent of People with Each Score
Percentile by Number Answered
Your Score History
You have not taken this quiz